00485nam a2200181 a 450000100060000000300090000600800410001504000280005608200180008410000210010224500240012326000580014730000100020549000300021565000120024565000240025765000220028112575CO-ViMGA141112s2004 ck r 000 u spa d aCO-ViMGAbspacCO-ViMGA04a658.386 D78al1 aDrucker, Peter F10aEL Ejecutivo eficaz aSantafé de Bogotá : bCirculo de Lectores, c1995 a164p. aClásicos del Management14aGERENTE14aHABILIDAD EJECUTIVA14aNEGOCIOS - MANEJO